000
00228nam a2200097Ia 4500
005
20251222114412.0
008
251222s1900||||xx |||||||||||||| ||spa||
082
_a
DVD0050/L31/2007
245
0
_a
Soy Leyenda:I am legend
942
_c
DVD
999
_c
2081
_d
2081